000 00886nam a22002297a 4500
999 _c63914
_d63914
005 20240530110705.0
008 171225s2009 ua a f b 000 0dara d
017 _a2009/4434
_bمصر. دار الكتب
020 _a9789774207331
040 _aEG-CaGPL
_cEG-CaGPL
082 0 4 _221
_a338.3
_bق/ن ط
100 0 _aنبيل السيد الطوخى
245 1 0 _aطوائف الحرف فى مدينة القاهرة فى النصف الثانى من القرن التاسع عشر 1841 - 1890 /
_cتأليف نبيل السيد الطوخى .
250 _aط.1
260 _aالقاهرة :
_c2009 .
300 _a237 ص. ؛
_c24 سم.
650 0 7 _2qrmak
_aالحرف اليدوية
_yالقرن التاسع عشر
_zمصر
650 0 7 _2qrmak
_aالحرفيون المصريون
651 _2qrmak
942 _2ddc
_cBK